Normal view
MARC view
- Voice Masking
Entry Topical Term
001 - CONTROL NUMBER
- control field: 92373
003 - CONTROL NUMBER IDENTIFIER
- control field: NUST
005 - DATE AND TIME OF LATEST TRANSACTION
- control field: 20220703112726.0
008 - FIXED-LENGTH DATA ELEMENTS
- fixed length control field: 220703|| aca||aabn | a|a d
040 ## - CATALOGING SOURCE
- Original cataloging agency: NUST
- Transcribing agency: NUST
150 ## - HEADING--TOPICAL TERM
- Topical term or geographic name entry element: Voice Masking
670 ## - SOURCE DATA FOUND
- Source citation: Work cat.: (NUST)8915: Humera Ayub 92372, Voice Masking System [Project BIT1], 2004.
